Countries With Clubs in the 10 Latest Seasons of UCL (18) - Statistics

General Stats
  • This quiz has been taken 386 times
    346 since last reset
  • The average score is 25 of 31
Answer Stats
Teams # #T Country % Correct
Arsenal (8), Chelsea (8), Manchester City (8), Manchester United (8), Liverpool (4), Tottenham Hotspur (4) & Leicester City (1) 7 41 England
100%
Real Madrid (10), Barcelona (10), Atletico Madrid (7), Valencia (5), Sevilla (4), Athletic Bilbao (1), Málaga (1), Real Sociedad (1), & Villarreal (1) 9 40 Spain
99%
Juventus (8), Milan (5), Napoli (5), Roma (5), Internazionale (4) & Fiorentina (1) 7 28 Italy
98%
Bayern Munich (10), Borussia Dortmund (8), Bayer Leverkusen (5), Schalke 04 (5), Borussia Mönchengladbach (2), Wolfsburg (2), RB Leipzig (1), Stuttgart (1) Werder Bremen (1), & 1899 Hoffenheim (1) 10 36 Germany
97%
Paris Saint-Germain (7), Lyon (6), Marseille (4), Monaco (4), Lille (2), Auxerre (1), Bordeaux (1) & Montpellier (1) 8 26 France
96%
Porto (9), Benfica (9), Sporting CP (3) & Braga (2) 4 23 Portugal
95%
Ajax (6), PSV Eindhoven (3), AZ (1), Feyenoord (1) & Twente (1) 5 12 Netherlands
93%
CSKA Moscow (8), Zenit Saint Petersburg (5), Spartak Moscow (3), Rubin Kazan (2), Lokomotiv Moscow (1) & Rostov (1) 6 20 Russia
91%
Anderlecht (4), Club Brugge (2), Genk (1), Gent (1) & Standard Liège (1) 5 9 Belgium
90%
Malmö (2) 1 2 Sweden
88%
Basel (6), Zürich (1) & Young Boys (1) 3 8 Switzerland
87%
Galatasaray (5), Beşiktaş (3), Bursaspor (1) & Trabzonspor (1) 4 10 Turkey
85%
Shakhtar Donetsk (8) & Dynamo Kyiv (4) 2 12 Ukraine
85%
Olympiacos (7), Panathinaikos (1) & AEK Athens (1) 3 9 Greece
83%
Austria Wien (1) 1 1 Austria
82%
Legia Warsaw (1) 1 1 Poland
82%
Celtic (4) & Rangers (2) 2 6 Scotland
82%
Copenhagen (3) & Nordsjælland (1) 2 4 Denmark
81%
Dinamo Zagreb (4) 1 4 Croatia
80%
Partizan (1) & Red Star Belgrade (1) 2 2 Serbia
80%
CFR Cluj (2), Oțelul Galați (1), Steaua București (1) & Unirea Urziceni (1) 4 5 Romania
75%
Žilina (1) 1 1 Slovakia
75%
Debrecen (1) 1 1 Hungary
73%
Maribor (2) 1 2 Slovenia
73%
Viktoria Plzeň (3) 1 3 Czechia
72%
Ludogorets Razgrad (2) 1 2 Bulgaria
69%
APOEL (4) 1 4 Cyprus
55%
BATE Borisov (4) 1 4 Belarus
53%
Hapoel Tel Aviv (1), Maccabi Haifa (1) & Maccabi Tel Aviv (1) 3 3 Israel
48%
Qarabağ (1) 1 1 Azerbaijan
43%
Astana (1) 1 1 Kazakhstan
43%
No matching quizzes found
Score Distribution
Percent of People with Each Score
Percentile by Number Answered
Your Score History
You have not taken this quiz since the last reset